Statistics for Things Invented by the Dutch Picture Quiz

Click here to take the quiz!

General Stats

  • This quiz has been taken 103 times
  • The average score is 10 of 16

Answer Stats

Answer% Correct
CD
98%
Wi-fi
96%
Bluetooth
95%
Orange-coloured carrot
92%
Doughnut
89%
Microscope
88%
Submarine
80%
Telescope
80%
Atlas
66%
Stock Market
57%
Speed skating
47%
Cassette
43%
Fire hose
32%
Speed camera
22%
Cocoa powder
20%
Korfball
18%

Score Distribution

Percentile by Number Answered

Percent of People with Each Score

Your Score History

You have not taken this quiz